Pokémon Quiz: Grass Type - Statistics

General Stats
  • This quiz has been taken 14 times
    8 since last reset
  • The average score is 47 of 131
Answer Stats
National Dex Number Answer % Correct
No. 0001 Bulbasaur
100%
No. 0003 Venusaur
100%
No. 0002 Ivysaur
86%
No. 0069 Bellsprout
71%
No. 0907 Floragato
57%
No. 0044 Gloom
57%
No. 0549 Lilligant
57%
No. 0908 Meowscarada
57%
No. 0043 Oddish
57%
No. 0906 Sprigatito
57%
No. 0252 Treecko
57%
No. 0387 Turtwig
57%
No. 0460 Abomasnow
43%
No. 0930 Arboliva
43%
No. 0153 Bayleef
43%
No. 0182 Bellossom
43%
No. 0406 Budew
43%
No. 0331 Cacnea
43%
No. 0332 Cacturne
43%
No. 0251 Celebi
43%
No. 0652 Chesnaught
43%
No. 0650 Chespin
43%
No. 0152 Chikorita
43%
No. 0346 Cradily
43%
No. 0929 Dolliv
43%
No. 0830 Eldegoss
43%
No. 0597 Ferroseed
43%
No. 0598 Ferrothorn
43%
No. 0673 Gogoat
43%
No. 0829 Gossifleur
43%
No. 0711 Gourgeist
43%
No. 0810 Grookey
43%
No. 0388 Grotle
43%
No. 0549 Hisuian Lilligant
43%
No. 0189 Jumpluff
43%
No. 0345 Lileep
43%
No. 0556 Maractus
43%
No. 0154 Meganium
43%
No. 1017 Ogerpon
43%
No. 0511 Pansage
43%
No. 0548 Petilil
43%
No. 0708 Phantump
43%
No. 0710 Pumpkaboo
43%
No. 0651 Quilladin
43%
No. 0812 Rillaboom
43%
No. 0315 Roselia
43%
No. 0407 Roserade
43%
No. 0273 Seedot
43%
No. 0497 Serperior
43%
No. 0496 Servine
43%
No. 0492 Shaymin
43%
No. 0512 Simisage
43%
No. 0672 Skiddo
43%
No. 0928 Smoliv
43%
No. 0495 Snivy
43%
No. 0459 Snover
43%
No. 0762 Steenee
43%
No. 0114 Tangela
43%
No. 0465 Tangrowth
43%
No. 0389 Torterra
43%
No. 0709 Trevenant
43%
No. 0071 Victreebell
43%
No. 0045 Vileplume
43%
No. 0070 Weepinbell
43%
No. 0103 Alolan Exeggutor
29%
No. 0842 Appletun
29%
No. 0840 Applin
29%
No. 0761 Bounsweet
29%
No. 0286 Breloom
29%
No. 0898 Calyrex
29%
No. 0455 Carnivine
29%
No. 0421 Cherrim
29%
No. 0420 Cherubi
29%
No. 0546 Cottonee
29%
No. 0723 Dartrix
29%
No. 0724 Decidueye
29%
No. 0585 Deerling
29%
No. 1011 Dipplin
29%
No. 0102 Exeggcute
29%
No. 0103 Exeggutor
29%
No. 0841 Flapple
29%
No. 0753 Fomantis
29%
No. 0253 Grovyle
29%
No. 0101 Hisuian Electrode
29%
No. 0100 Hisuian Voltorb
29%
No. 0187 Hoppip
29%
No. 0798 Kartana
29%
No. 0470 Leafeon
29%
No. 0542 Leavanny
29%
No. 0271 Lombre
29%
No. 0270 Lotad
29%
No. 0272 Ludicolo
29%
No. 0754 Lurantis
29%
No. 0274 Nuzleaf
29%
No. 0046 Paras
29%
No. 0047 Parasect
29%
No. 0722 Rowlet
29%
No. 0586 Sawsbuck
29%
No. 0254 Sceptile
29%
No. 0540 Sewaddle
29%
No. 0275 Shiftry
29%
No. 0285 Shroomish
29%
No. 0188 Skiploom
29%
No. 0192 Sunflora
29%
No. 0191 Sunkern
29%
No. 0541 Swadloon
29%
No. 0811 Thwackey
29%
No. 0948 Toedscool
29%
No. 0949 Toedscruel
29%
No. 0357 Tropius
29%
No. 0763 Tsareena
29%
No. 0640 Virizion
29%
No. 0547 Whimsicott
29%
No. 0413 Wormadam
29%
No. 0591 Amoonguss
14%
No. 0947 Brambleghast
14%
No. 0946 Bramblin
14%
No. 0986 Brute Bonnet
14%
No. 0951 Capsakid
14%
No. 0781 Dhelmise
14%
No. 0590 Foongus
14%
No. 0724 Hisuian Decidueye
14%
No. 1010 Iron Leaves
14%
No. 0755 Morelull
14%
No. 1012 Poltchageist
14%
No. 0952 Scovillian
14%
No. 0756 Shiinotic
14%
No. 1013 Sinistcha
14%
No. 0787 Tapu Bulu
14%
No. 0893 Zarude
14%
No. 1001 Wo-Chien
0%
No matching quizzes found
Score Distribution
Percent of People with Each Score
Percentile by Number Answered
Your Score History
You have not taken this quiz since the last reset